书目信息 |
| 题名: |
年度学术2003
|
|
| 作者: | 赵汀阳 主编 | |
| 分册: | ||
| 出版信息: | 北京 中国人民大学出版社 2004 |
|
| 页数: | 352页 | |
| 开本: | 24cm | |
| 丛书名: | 犀锐系列 | |
| 单 册: | ||
| 中图分类: | C54 | |
| 科图分类: | ||
| 主题词: | 社会科学--年鉴 , 社会科学--年刊 | |
| 电子资源: | ||
| ISBN: | 7-300-05202-9 | |
| 000 | 01290nam0 2200361 450 | |
| 000 | 01253nam0 2200349 450 | |
| 000 | 01214nam0 2200349 450 | |
| 000 | 01160nam0 2200325 450 | |
| 000 | 01156nam0 2200313 450 | |
| 000 | 01119nam0 2200301 45 | |
| 001 | TS2006028286 | |
| 005 | 20070115163423.59 | |
| 010 | @a7-300-05202-9@dCNY29.80 | |
| 100 | @a20060829d2004 emky0chiy0110 ea | |
| 101 | 0 | @achi |
| 102 | @aCN@b110000 | |
| 105 | @ay z 000yy | |
| 200 | 1 | @a年度学术2003@Anian du xue shu 2003@e人们对世界的想像@ERen Men Dui Shi Jie De Xiang Xiang@f赵汀阳主编@FZhao Ting Yang Zhu Bian |
| 210 | @a北京@c中国人民大学出版社@d2004 | |
| 215 | @a352页@d24cm | |
| 225 | 2 | @a犀锐系列 |
| 330 | @a本书收录的关于人文社会科学的理论文章涉及:知识的历史视野、中国的现实问题、世界语境与世界观等领域重大理论问题和前沿问题的研究。 | |
| 410 | 0 | @12001 @a犀锐系列 |
| 510 | 1 | @aTheoria 2003@zeng |
| 517 | 1 | @a人们对世界的想像@Aren men dui shi jie de xiang xiang |
| 606 | 0 | @a社会科学@x年鉴 |
| 606 | 0 | @a社会科学@x年刊 |
| 690 | @aC54@v4 | |
| 701 | 0 | @a赵汀阳@Azhao ting yang@f(1961~)@4主编 |
| 801 | 0 | @aCN@b中图数据@c20070115 |
| 905 | @a10447@dC54@e204(2003) | |
| 年度学术2003:人们对世界的想像/赵汀阳主编.-北京:中国人民大学出版社,2004 |
| 352页;24cm.-(犀锐系列) |
| ISBN 7-300-05202-9:CNY29.80 |
| 本书收录的关于人文社会科学的理论文章涉及:知识的历史视野、中国的现实问题、世界语境与世界观等领域重大理论问题和前沿问题的研究。 |
| ● |
| 相关链接 |
|
|
|
|
正题名:年度学术2003
索取号:C54/204(2003)
 
预约/预借
| 序号 | 登录号 | 条形码 | 馆藏地/架位号 | 状态 | 备注 |
| 1 | 0617946 | 206179464 | 第一样本阅览室/ [索取号:C54/204(2003)] | 在馆 | |
| 2 | 0617947 | 206179473 | 第一借阅区/ [索取号:C54/204(2003)] | 在馆 | |
| 3 | 0617948 | 206179482 | 第一借阅区/ [索取号:C54/204(2003)] | 在馆 |